Formula 1 - Winners of each Grand Prix at home - Statistics

General Stats
  • This quiz has been taken 39 times
  • The average score is 37 of 51
Answer Stats
Grand Prix Pilot % Correct
Silverstone 2008 Lewis Hamilton
97%
Silverstone 2014 Lewis Hamilton
97%
Silverstone 2015 Lewis Hamilton
97%
Silverstone 2016 Lewis Hamilton
97%
Silverstone 2017 Lewis Hamilton
97%
Silverstone 2019 Lewis Hamilton
97%
Silverstone 2020 Lewis Hamilton
97%
Silverstone 2021 Lewis Hamilton
97%
Silverstone 2024 Lewis Hamilton
97%
Zandvoort 2021 Max Verstappen
97%
Zandvoort 2022 Max Verstappen
97%
Zandvoort 2023 Max Verstappen
97%
Interlagos 1991 Ayrton Senna
93%
Interlagos 1993 Ayrton Senna
93%
Mônaco 2024 Charles Leclerc
93%
Barcelona 2006 Fernando Alonso
93%
Barcelona 2013 Fernando Alonso
93%
Silverstone 2025 Lando Norris
93%
Monza 1951 Alberto Ascari
83%
Monza 1952 Alberto Ascari
83%
Silverstone 1994 Damon Hill
83%
Áustria 1984 Niki Lauda
83%
Interlagos 2006 Felipe Massa
76%
Interlagos 2008 Felipe Massa
76%
Montreal 1978 Jacques Villeneuve
76%
Monza 1950 Giuseppe Farina
72%
Interlagos 1983 Nelson Piquet
72%
Interlagos 1986 Nelson Piquet
72%
Silverstone 1999 David Coulthard
69%
Silverstone 2000 David Coulthard
69%
Interlagos 1973 Emerson Fittipaldi
69%
Interlagos 1974 Emerson Fittipaldi
69%
Silverstone 1986 Nigel Mansell
69%
Silverstone 1987 Nigel Mansell
69%
Silverstone 1991 Nigel Mansell
69%
Silverstone 1992 Nigel Mansell
69%
Silverstone 1969 Jackie Stewart
55%
Silverstone 1977 James Hunt
55%
Silverstone 1962 Jim Clark
55%
Silverstone 1963 Jim Clark
55%
Silverstone 1964 Jim Clark
55%
Silverstone 1965 Jim Clark
55%
Silverstone 1955 Stirling Moss
52%
Silverstone 1957 Stirling Moss/Tony Brooks
52%
Imola 1990 Riccardo Patrese
48%
Interlagos 1975 José Carlos Pace
41%
Imola 1985 Elio de Angelis
38%
Silverstone 1958 Peter Collins
38%
Silverstone 1981 John Watson
34%
Monza 1966 Ludovico Scarfiotti
21%
Silverstone 1995 Johnny Herbert
17%
No matching quizzes found
Score Distribution
Percent of People with Each Score
Percentile by Number Answered
Your Score History
You have not taken this quiz